Morality and the good life /

Saved in:
Bibliographic Details
Main Author: Solomon, Robert C.
Format: Book
Language:English
Published: New York : McGraw-Hill, c1984.
Subjects:
Tags: Add Tag
No Tags, Be the first to tag this record!

MARC

LEADER 00000cam a22000002a 4500
001 0000002046
003 DAYSTAR
005 20171002023759.0
008 030703s1994 pau 001 0 eng d
020 |a 0070596549 
040 |a Daystar 
040 |d COnyango 
050 0 0 |a BJ1012  |b .S57 
100 1 |a Solomon, Robert C. 
245 1 0 |a Morality and the good life /  |c Robert C. Solomon. 
260 |a New York :  |b McGraw-Hill,  |c c1984. 
300 |a 410 p. 
650 0 |a Ethics. 
908 |a 060412 
942 |c G 
952 |0 0  |1 0  |4 0  |6 BJ_1012_000000000000000_S57  |7 0  |9 78124  |a DUN  |b DUN  |c GC  |d 2017-09-28  |l 0  |o BJ1012.S57  |p BK024634  |r 2017-09-28 00:00:00  |w 2017-09-28  |x 19416  |y G 
989 |a 1488783135 
999 |c 39745  |d 39745